000 00771nam a2200229Ia 4500
001 9865
003 GE_BSU
008 181216s||||||||xx |||||||||||||| ||und||
020 _a9789994093113
040 _cGE_BSU
080 _a821.353.1–1
100 _aნიშნიანიძე,შოთა
245 _aასი ლექსი
245 _cშემდგ.ნათია და რუსუდანნიშნიანიძეები.საგამომც.პროექტის ავტ.კახმეგ კუდავა
260 _aთბილისი
260 _bინტელექტი
260 _c2007
300 _a154გვ.21სმ.
541 _h5ლ.70თ.
653 _aასი ლექსი
942 _cBK
999 _c43144
_d43144